| 000 | 03241nam a22003737a 4500 | ||
|---|---|---|---|
| 999 |
_c21799 _d21799 |
||
| 003 | AR-CdUCM | ||
| 008 | 190425b ||||| |||| 00| 0 spa d | ||
| 040 |
_aMUNICIPALIDAD PROVINCIAL DEL CUSCO _cBIBLIOTECA MUNICIPAL DEL CUSCO |
||
| 082 | _aRev.IAAC/N°14/1994 | ||
| 110 |
_aInstituto Americano de Arte del Cuzco _943770 |
||
| 245 | _aRevista del Instituto Americano de Arte / | ||
| 260 |
_aCusco : _bUNSAAC, _c1995. |
||
| 300 |
_a293 páginas. : _bilustraciones ; _c20 cm. |
||
| 440 |
_aRevista del Instituto Americano de Arte Cuzco. _nAño [XIV], [?] semestre de 1994, N°14. Vol.[?] _946150 |
||
| 505 | _aContenido: Cincuenta años de cusqueñismo. Miguel H. Milla. -- Humberto Vidal y su creación de las fiestas del Cusco. Julio A. Gutiérrez Samanez. -- A los cincuenta años del Inti Raymi. Manuel Aparicio. -- Las impulsoras del cusqueñismo y del Inti Raymi. Tania Gutiérrez Samanez. -- Qosqo grandeza de ayer, reflexiones de hoy. Lucio Velásquez Velásquez. -- Runa Simiwan harawi canto al lenguaje humano. José Aragón Aedo. -- El Cusco de ayer. Irma Aquise de Muñiz. -- Antología de la música cusqueña siglos XIX-XX. Eleodoro Justiniani Flórez. -- La supuesta diarquía de los Incas. John Hwland Rowe. -- La coca en perspectiva histórica. Patricia Lyon. -- La escritura de los antiguos peruanos. Humberto Covarrubias Campana. -- La iglesia de la Compañía de Jesús una joya del barroco americano. Roberto Samanez Argumedo. -- Narciso Aresteguí y la novela del Padre Horan. Julio Miranda Bernal. -- El velorio del angelito. María del Carmen de Ferro. -- Mito y rito del maíz en Yucay Urubamba. Demetrio Roca Wallparimachi. -- Pancho Gómez Negrón y el folklore cusqueño. Abraham Valencia Espinoza. -- Danzas folkloricas del Cuzco y la región Inka. Lizardo Pérez Araníbar. -- Intangibilidad del traje típico. Maximiliana Palomino de Sierra. -- Disolución y restitución de la comunidad campesina de Harin. José Gonzáles Ríos. -- Riqueza y variedad de los patrones de alimentación de la cultura andina. Aurelio Carmona Cruz. -- El problema del indio y del indigenismo. Humberto Vidal Unda. -- Acuarelas e identidad cusqueña. Josué Aguilar Meza. -- Notas para la historia del Turismo en el Cusco. Eldi Flores Najar. -- Un museo nacional para el Cusco. Manuel Chávez Ballón. -- El Qosqo de Martín Chambi. -- El Qosqo en el lente de Martín Chambi, Jorge Flores Ochoa. -- Discursos necrológicos en el sepelio de Julio G. Gutiérrez. -- Actividades institucionales. | ||
| 650 |
_aLiteratura cusqueña _946110 |
||
| 650 |
_aPoetas cusqueños _95956 |
||
| 650 |
_aIntelectuales cusqueños _946142 |
||
| 650 |
_aFotografía cusqueña _913442 |
||
| 650 |
_aMartín Chambi _943908 |
||
| 650 |
_aArte popular _99558 |
||
| 650 |
_aMúsica cusqueña _913074 |
||
| 650 |
_aArquitectura colonial _928957 |
||
| 650 |
_aTemplos coloniales _945765 |
||
| 700 |
_aFlores Ochoa, Jorge _92915 |
||
| 700 |
_aGutiérrez Samanez, Julio _946146 |
||
| 700 |
_aMiranda Bernal, Julio _9877 |
||
| 700 |
_aRoca Wallparimachi, Demetrio _96182 |
||
| 700 |
_aPérez Araníbar, Lizardo _95568 |
||
| 700 |
_aCarmona Cruz, Aurelio _946151 |
||
| 700 |
_aChávez Ballón, Manuel _945977 |
||
| 942 |
_2ddc _cPP |
||
| 945 | _arac | ||